Southville International School and Colleges
Your cart is empty.
  • Cart
  • Lists
    Public lists Eva Luna New books Lux_list list_1
    Your lists Log in to create your own lists
  • Log in to your account
  • Your cookies
  • Search history
Southville International School and Colleges
  • Advanced search
  • Recent comments
  • Most popular
  • Libraries

Log in to your account

Log in with GOOGLE


If you do not have an external account, but do have a local account, you can still log in:

  1. Home
  2. MARC view: The Drama of it :
Normal view MARC view ISBD view

The Drama of it : (Record no. 18238)

[ view plain ]
MARC details
000 -LEADER
fixed length control field 00594nam a22001937a 4500
003 - CONTROL NUMBER IDENTIFIER
control field OSt
005 - DATE AND TIME OF LATEST TRANSACTION
control field 20140310183011.0
008 - FIXED-LENGTH DATA ELEMENTS--GENERAL INFORMATION
fixed length control field 130211t xxu||||| |||| 00| 0 eng d
020 ## - INTERNATIONAL STANDARD BOOK NUMBER
International Standard Book Number 9789712722776
050 ## - LIBRARY OF CONGRESS CALL NUMBER
Classification number PN 2918.A93
Item number .Av3 2009
100 ## - MAIN ENTRY--PERSONAL NAME
Personal name Avellana, Daisy Hontiveros
245 ## - TITLE STATEMENT
Title The Drama of it :
Remainder of title a life on film and theater /
Statement of responsibility, etc Daisy Hontiveros Avellana.
260 ## - PUBLICATION, DISTRIBUTION, ETC. (IMPRINT)
Place of publication, distribution, etc Manila :
Name of publisher, distributor, etc Anvil Publishing,
Date of publication, distribution, etc 2009.
300 ## - PHYSICAL DESCRIPTION
Extent 175 p. :
Dimensions 26 cm.
Other physical details ill. ;
521 ## - TARGET AUDIENCE NOTE
Target audience note
650 ## - SUBJECT ADDED ENTRY--TOPICAL TERM
Topical term or geographic name as entry element Motion picture actors & actresses
General subdivision Philippines
-- Biography
942 ## - ADDED ENTRY ELEMENTS (KOHA)
Source of classification or shelving scheme Library of Congress Classification
Koha item type Books
Call number prefix Local
Holdings
Withdrawn status Lost status Source of classification or shelving scheme Damaged status Home library Current library Shelving location Date acquired Cost, normal purchase price Total Checkouts Full call number Barcode Date last seen Copy number Price effective from Koha item type
    Library of Congress Classification   College Library College Library General Circulation Section 09/30/2011 735.00   PN 2918.A93 .Av3 2009 C13505 05/15/2018 1 10/18/2013 Books

The Drama of it :

APA

Avellana D. H., . (2009). The Drama of it. Manila: Anvil Publishing.

Chicago

Avellana Daisy Hontiveros, . 2009. The Drama of it. Manila: Anvil Publishing.

Harvard

Avellana D. H., . (2009). The Drama of it. Manila: Anvil Publishing.

MLA

Avellana Daisy Hontiveros, . The Drama of it. Manila: Anvil Publishing. 2009.

  • Place hold
  • Print
  • Cite
  • Add to your cart (remove)
  • Save record
    BIBTEX Dublin Core MARCXML MARC (non-Unicode/MARC-8) MARC (Unicode/UTF-8) MARC (Unicode/UTF-8, Standard) MODS (XML) RIS
  • More searches
    Search for this title in:
    Other Libraries (WorldCat) Other Databases (Google Scholar) Online Stores (Bookfinder.com) Open Library (openlibrary.org)

Exporting to Dublin Core...

SOUTHVILLE LIBRARY

Southville International School and Colleges Library

1281 Tropical Ave. Cor. Luxembourg St., BF Homes International, Las Pinas City

Tel. No. 8256374 / 252358 Loc. 117/146

Powered by Koha